<?xml version="1.0" encoding="UTF-8"?>
<record
    xmlns:xsi="http://www.w3.org/2001/XMLSchema-instance"
    xsi:schemaLocation="http://www.loc.gov/MARC21/slim http://www.loc.gov/standards/marcxml/schema/MARC21slim.xsd"
    xmlns="http://www.loc.gov/MARC21/slim">

  <leader>02039cab a2200313Ia 45 0</leader>
  <controlfield tag="001">u198415</controlfield>
  <controlfield tag="003">SIRSI</controlfield>
  <controlfield tag="008">120227s2005    ua     ss b         eng d</controlfield>
  <datafield tag="040" ind1=" " ind2=" ">
    <subfield code="a">EAL</subfield>
  </datafield>
  <datafield tag="041" ind1=" " ind2=" ">
    <subfield code="a">engbara</subfield>
  </datafield>
  <datafield tag="090" ind1=" " ind2=" ">
    <subfield code="a">ART EJAR V83 No1 10</subfield>
  </datafield>
  <datafield tag="100" ind1="1" ind2=" ">
    <subfield code="a">Gomaa, Aziz El-Sayed </subfield>
  </datafield>
  <datafield tag="240" ind1="1" ind2="0">
    <subfield code="a">Egyptian journal of agricultural research, 2005 v. 83 (1)</subfield>
    <subfield code="h">[electronic resource].</subfield>
  </datafield>
  <datafield tag="245" ind1="1" ind2="4">
    <subfield code="a">The role of secondary metabolites products, in the susceptibility of potato plants to tuber moth</subfield>
    <subfield code="h">[electronic resource].</subfield>
  </datafield>
  <datafield tag="250" ind1=" " ind2=" ">
    <subfield code="a">&#x62F;&#x648;&#x631; &#x645;&#x646;&#x62A;&#x62C;&#x627;&#x62A; &#x627;&#x644;&#x62A;&#x645;&#x62B;&#x64A;&#x644; &#x627;&#x644;&#x63A;&#x630;&#x627;&#x626;&#x649; &#x627;&#x644;&#x62B;&#x627;&#x646;&#x648;&#x64A;&#x629; &#x644;&#x642;&#x627;&#x628;&#x644;&#x64A;&#x629; &#x646;&#x628;&#x627;&#x62A; &#x627;&#x644;&#x628;&#x637;&#x627;&#x637;&#x633; &#x644;&#x644;&#x625;&#x635;&#x627;&#x628;&#x629; &#x628;&#x641;&#x631;&#x627;&#x634;&#x629; &#x62F;&#x648;&#x62F;&#x629; &#x62F;&#x631;&#x646;&#x627;&#x62A; &#x627;&#x644;&#x628;&#x637;&#x627;&#x637;&#x633;.</subfield>
  </datafield>
  <datafield tag="300" ind1=" " ind2=" ">
    <subfield code="a">p.109-117</subfield>
  </datafield>
  <datafield tag="504" ind1=" " ind2=" ">
    <subfield code="a">Includes references.</subfield>
  </datafield>
  <datafield tag="520" ind1=" " ind2=" ">
    <subfield code="a">The potato tuber moth (PTM), Phtharimaea aperculella (Zeller) is considered the most serious potato insect pest. Varied categories of infestation were observed on different potato cultivars. Potato varieties resistant to insect pests are considered great source of potentiality. Nicola potato cultivar, however was reported as the least performance variety to PTM infestation. Sponta cultivar demonstrates with moderate infestation levels and Arinda cultivar declares the highest level of PTM infestations. The potato plants produced certain metabolic substances that had its role in impediment or made the plants not favorable to the PTM larvae. Phenolic compounds and glutamic acid of the secondary plant metabolites were determined and approved to have certain action on the PTM infestation.</subfield>
  </datafield>
  <datafield tag="546" ind1=" " ind2=" ">
    <subfield code="a">Summary in Arabic.</subfield>
  </datafield>
  <datafield tag="650" ind1=" " ind2="0">
    <subfield code="a">Potatoes</subfield>
    <subfield code="x">Diseases and pest resistance.</subfield>
  </datafield>
  <datafield tag="650" ind1=" " ind2="0">
    <subfield code="a">Secondary metabolites.</subfield>
  </datafield>
  <datafield tag="650" ind1=" " ind2="0">
    <subfield code="a">Insect pests</subfield>
    <subfield code="x">Biological control.</subfield>
  </datafield>
  <datafield tag="650" ind1=" " ind2="0">
    <subfield code="a"></subfield>
  </datafield>
  <datafield tag="700" ind1="1" ind2=" ">
    <subfield code="a">Asaran, Amal Abdel-Mongy</subfield>
  </datafield>
  <datafield tag="700" ind1="1" ind2=" ">
    <subfield code="a">El-Naggar, Medhat Ahmed</subfield>
  </datafield>
  <datafield tag="773" ind1="0" ind2=" ">
    <subfield code="t">Egyptian Journal of Agricultural Research. </subfield>
    <subfield code="g">2005.v.83(1)</subfield>
    <subfield code="x">0111-6336</subfield>
    <subfield code="7">nnas</subfield>
    <subfield code="w">u158585</subfield>
  </datafield>
  <datafield tag="856" ind1="4" ind2="0">
    <subfield code="u">http://nile.enal.sci.eg/EALE/2005/EJAR/8305/1/109.pdf</subfield>
    <subfield code="z">Full Text Article</subfield>
  </datafield>
  <datafield tag="596" ind1=" " ind2=" ">
    <subfield code="a">1</subfield>
  </datafield>
  <datafield tag="942" ind1=" " ind2=" ">
    <subfield code="c">AR</subfield>
    <subfield code="2">lcc</subfield>
  </datafield>
  <datafield tag="999" ind1=" " ind2=" ">
    <subfield code="c">51270</subfield>
    <subfield code="d">51270</subfield>
  </datafield>
</record>
